Albores de la repb︢lica Pg̀inas escogidas /

Bibliographic Details
Main Author: De Zavala, Lorenzo
Format: eBook
Language:Spanish
Published: Ciudad de Mx̌ico: Cm̀ara de Diputados, 2015
Subjects:
Online Access:Acceso restringido

MARC

LEADER 00000nam a22000007a 4500
005 20171007001059.0
007 cr|||| ||||
008 171007s2015 mx |||||s||||f00||0 spa d
020 |a 978-84-16354-76-4 
035 |a 20697 
040 |a vLex 
090 |c 7080  |d 7080 
100 1 |a De Zavala, Lorenzo 
245 1 0 |a Albores de la repb︢lica  |h [Recurso electrn̤ico] :  |b Pg̀inas escogidas /  |c Lorenzo De Zavala 
256 |a Servicio en ln̕ea 
260 |a Ciudad de Mx̌ico:  |b Cm̀ara de Diputados,  |c 2015 
300 |a 1 recurso electrn̤ico (106 p.) 
506 1 |a Disponible solo en los productos indicados  |d vLex Global  |d vLex Global (Academic Edition, excluding Law Schools)  |d vLex Global (U.S. Academic Edition, Law Schools)  |d vLex Global (U.S. Academic Edition, excluding Law Schools)  |d vLex Global (Academic Edition, Law Schools) 
650 0 4 |a Derecho Constitucional  |z Mx̌ico 
740 0 |a vLex Libros (Servicio en ln̕ea) 
856 4 0 |u http://vlex.com/source/albores-republica-paginas-escogidas-20697  |z Acceso restringido 
942 |c BOOK 
999 0 |a Constitutional right